LEADER 02457nam0 22004813i 450 001 VAN00249015 005 20240806101416.919 017 70$2N$a9783030478490 100 $a20220804d2020 |0itac50 ba 101 $aeng 102 $aCH 105 $a|||| ||||| 200 1 $aDirect and Inverse Sturm-Liouville Problems$eA Method of Solution$fVladislav V. Kravchenko 210 $aCham$cBirkhäuser$cSpringer$d2020 215 $axi, 154 p.$cill.$d24 cm 410 1$1001VAN00051364$12001 $aFrontiers in mathematics$1210 $aBasel [etc.]$cBirkhäuser$d2004- 500 1$3VAN00249016$aDirect and Inverse Sturm-Liouville Problems$92057257 606 $a34-XX$xOrdinary differential equations [MSC 2020]$3VANC021251$2MF 606 $a34A55$xInverse problems involving ordinary differential equations [MSC 2020]$3VANC023360$2MF 606 $a34B24$xSturm-Liouville theory [MSC 2020]$3VANC022908$2MF 606 $a34L25$xScattering theory, inverse scattering involving ordinary differential operators [MSC 2020]$3VANC027778$2MF 606 $a47E05$xGeneral theory of ordinary differential operators [MSC 2020]$3VANC037100$2MF 606 $a65L15$xNumerical solution of eigenvalue problems involving ordinary differential equations [MSC 2020]$3VANC023037$2MF 606 $a81U40$xInverse scattering problems in quantum theory [MSC 2020]$3VANC022771$2MF 610 $aInverse scattering problem$9KW:K 610 $aJost solution$9KW:K 610 $aNeumann series of Bessel functions$9KW:K 610 $aScattering problem$9KW:K 610 $aSpectral parameter power series$9KW:K 610 $aTransformation operator$9KW:K 610 $aTransmutation operator$9KW:K 620 $aCH$dCham$3VANL001889 700 1$aKravchenko$bVladislav V.$3VANV079795$055414 712 $aBirkhäuser $3VANV108193$4650 712 $aSpringer $3VANV108073$4650 801 $aIT$bSOL$c20241115$gRICA 856 4 $uhttp://doi.org/10.1007/978-3-030-47849-0$zE-book ? Accesso al full-text attraverso riconoscimento IP di Ateneo, proxy e/o Shibboleth 899 $aBIBLIOTECA DEL DIPARTIMENTO DI MATEMATICA E FISICA$1IT-CE0120$2VAN08 912 $fN 912 $aVAN00249015 950 $aBIBLIOTECA DEL DIPARTIMENTO DI MATEMATICA E FISICA$d08DLOAD e-book 4627 $e08eMF4627 20220804 996 $aDirect and Inverse Sturm-Liouville Problems$92057257 997 $aUNICAMPANIA LEADER 01815nam0 22004213i 450 001 VAN00244229 005 20241203022540.335 017 70$2N$a9789811549090 100 $a20220404d2020 |0itac50 ba 101 $aeng 102 $aSG 105 $a|||| ||||| 181 $ai$b e 182 $ab 200 1 $aNanophytomedicine$eConcept to Clinic$feditors Sarwar Beg, Md Abul Barkat, Farhan Jalees Ahmad 210 $aSingapore$cSpringer$d2020 215 $aVIII, 218 p.$cill.$d24 cm 620 $aSG$dSingapore$3VANL000061 676 $a615.1$cFarmacologia. Farmaci. Farmacia$v22 676 $a615.19$cChimica farmaceutica. Tecnologia farmaceutica. Chimica medica$v22 676 $a620.5$cNanotecnologia$v22 676 $a615.5$cFarmacoterapia$v22 702 1$aAhmad$bFarhan J.$3VANV199414 702 1$aBarkat$bAbul$3VANV199412 702 1$aBeg$bSarwar$3VANV199411 712 $aSpringer $3VANV108073$4650 790 1$aAhmad, Farhan Jalees$zAhmad, Farhan J.$3VANV199415 790 1$aAhmad, F. J.$zAhmad, Farhan J.$3VANV199416 790 1$aAhmad, F.J.$zAhmad, Farhan J.$3VANV201154 790 1$aBarkat, Md. Abul$zBarkat, Abul$3VANV199413 801 $aIT$bSOL$c20241206$gRICA 856 4 $uhttps://rd.springer.com/book/10.1007/978-981-15-4909-0$zE-book - Accesso al full-text attraverso riconoscimento IP di Ateneo, proxy e/o Shibboleth 899 $aBIBLIOTECA DEL DIPARTIMENTO DI SCIENZE E TECNOLOGIE AMBIENTALI BIOLOGICHE E FARMACEUTICHE$1IT-CE0101$2VAN17 912 $fN 912 $aVAN00244229 950 $aBIBLIOTECA DEL DIPARTIMENTO DI SCIENZE E TECNOLOGIE AMBIENTALI BIOLOGICHE E FARMACEUTICHE$d17CONS e-book 2221 $e17BIB2221/178 178 20220404 996 $aNanophytomedicine$92156563 997 $aUNICAMPANIA